Tilastot visalle Suomalaisia jumal- ja taruolentoja

Klikkaa tästä pelataksesi tätä visaa!

Yleistilastot

  • Tätä visaa on pelattu 494 kertaa
    (320 viimeisimmän päivityksen jälkeen)
  • Keskiarvotulos 9 / 20

Vastaustilastot

KuvausOlento% Oikein
Säiden herra, ukkosen jumala ja "ylijumala"Ukko
89%
Veden jumala ja haltijaAhti
82%
Vaka vanha runonlaulaja ja suuri tietäjä, jolla on jumalallisia piirteitäVäinämöinen
81%
Metsän jumala ja valtiasTapio
71%
Taivaankannen takonut seppä, jolla on jumalallisia piirteitäIlmarinen
67%
Pieni ihmisenkaltainen olento, joka saattoi erikoistua vain tiettyjen osa-alueiden ja rakennusten huoltoon ja kunnossapitoonTonttu
56%
Ilkeämielinen joen, lähteen, lammen tai sillan haltija, joka usein kiusaa ihmisiä ja saattaa jopa viedä jonkun mukanaanNäkki
55%
Ilman jumala, hengetär ja haltijaIlmatar
51%
Yllä olevan kateellinen vihollinen ja nuori sankari, joka haastaa tämän miekkataisteluunJoukahainen
49%
Yleensä suopea pimeässä elävä taruolento, joka pitää kiiltävistä esineistä ja juhlista, eikä siedä päivänvaloaMenninkäinen
47%
Paholaista palveleva vähäisempi paha olento, joskus myös itse paholainenPiru
44%
Alun perin pyhä paikka, kalmisto, kulttipaikka tai pyhä lehto. Kristinuskon myötä myös pahantahtoinen henkiolentoHiisi
36%
Maan alla asuva ja elävä ihmisenkaltainen olentoMaahinen
34%
Maanviljelyn, karjanhoidon ja hedelmällisyyden jumala, jota varten vietettiin samannimistä juhlaaKekri
30%
Ukkosen jumalan puoliso, joka on toisinaan esitetty myös vedenhaltijanaAkka
27%
Veden emäntä ja yllä olevan puolisoVellamo
26%
Ilkeä vedenhaltija ja merihirviö, joskus myös sodanjumalaIku-Turso
25%
Viehkeä ja leikkisä metsänneito, metsän jumalan tytärTellervo / Sinipiika
16%
Ihmisen kuvajainen henkimaailmassa, saattaa esimerkiksi ilmoittaa tutun ihmisen vierailusta etukäteenEtiäinen
15%
Metsän jumalan puoliso, metsän emäntäMielikki
15%

Tulosjakauma

Persentiili vastausten määrän mukaan

Jokaisen tuloksen saaneiden osuus

Tuloshistoriasi

Et ole pelannut tätä visaa sen viimeisimmän päivityksen jälkeen